Errate den Song am Songtext #4 - Statistiken

Allgemein
  • Dieses Quiz wurde 421 mal gespielt
  • Das Durchschnittsergebnis liegt bei 85 aus 189
Antwortstatistiken
Antwort % Korrekt
I
100%
you
94%
the
80%
love
76%
me
76%
to
72%
when
72%
be
70%
do
63%
it
62%
my
58%
want
57%
your
54%
on
51%
in
50%
that
47%
like
46%
have
44%
so
43%
So
43%
know
41%
for
40%
dont
39%
cant
38%
see
38%
This
38%
time
33%
break
32%
by
32%
free
32%
way
32%
live
31%
but
29%
But
29%
life
29%
get
27%
got
26%
its
26%
Its
26%
need
26%
Youre
26%
from
25%
first
24%
Oh
24%
yeah
22%
make
21%
out
20%
fallen
19%
real
19%
baby
18%
side
18%
without
18%
Ive
17%
walk
17%
how
16%
God
15%
alone
14%
knows
14%
goes
13%
over
13%
still
13%
true
12%
door
11%
lies
10%
self
10%
sure
10%
used
10%
living
9%
Living
9%
own
9%
hey
8%
satisfied
7%
strange
6%
Keine übereinstimmenden Quizze gefunden
Verteilung der Resultate
Anzahl Personen mit jedem Resultat
Perzentil nach korrekt beantworteten Fragen
Ihre Resultats-Entwicklung
Sie haben dieses Quiz noch nicht gespielt